000 00799nam a2200241Ia 4500
003 OSt
005 20220926004633.0
006 a|||||r|||| 00| 0
007 ta
008 220923b |||||||| |||| 00| 0 eng d
020 _a9789353338213
_c595.00
037 _b214, 04/03/2020, CLASSIC BOOKS SERVICES
_cGeneral Book
040 _aRTL
_cRTL
_beng
041 _2eng
_aeng
082 _aX:77-75.Q6<-N91, R0
100 _aAHLUWALA Montek Singh
_9309050
245 0 _aBackstage
_b The story behind India's high growth years
260 _a New Delhi
_bRupa Publications
_c2020
300 _axiv,434p
_ccm.
650 _aEconomics
942 _hX:77-75.Q6<-N91, R0
_cGB
_2CC
999 _c611852
_d611852